Responses for show #2846 - Monday, January 6, 1997

Claudia Perry game 4.

Contestants

[<< previous game]

Jack Patton, a civil servant from Cleveland, Ohio

Doug Morrison, a director of information services from Ervindale, Iowa

Claudia Perry, a pop music critic from San Jose, California (whose 3-day cash winnings total $33,303)

[next game >>]

Jeopardy! Round responses

BIRDS
FAMOUS FIRSTS
TV
WEIGHTS & MEASURES
NATIONAL FORESTS
BODY TALK
    $100 26
an owl

Jack
    $100 2
Niagara Falls

Jack
    $100 1
Germany

Doug
    $100 21
a hurricane

Claudia
    $100 12
Mark Twain

Claudia
    $100 11
thumbs

Jack
    $200 27
the blue jay

Doug
    $200 3
the Ferris Wheel

Jack
    $200 5
The Fugitive

Doug
    $200 22
(Alex: Jack, remember your phrasing next time, please.)

parts per billion

Jack
    $200 13
Idaho

Claudia
    $200 15
an eye

Doug
    $300 28
stilts

Jack
    $300 4
the Green Bay Packers

Doug
    $300 6
Murphy Brown

Claudia
    $300 23
a shot glass (or a jigger)

Claudia
    $300 14
Nebraska

Doug
    $300 16
the hip

Doug
    $400 29
swans

Triple Stumper
    $400 9
Spanish-American War

Doug
    $500 7
Tabitha

Claudia
    $400 24
the circumference

Claudia
    $400 19
the Ozarks

Claudia
    $400 17
sea legs

Doug
    $500 30
(Jack: What is a goose?)

an egret

ClaudiaJack
    $500 10
Health, Education and Welfare

Claudia
    $500 8
(Doug: What is One Day at a Time?)

Life Goes On

ClaudiaDoug
    $500 25
a gigabyte

Claudia
    $500 20
Superior

Jack
    $500 18
a shoulder

Claudia

Scores at the first commercial break (after clue 14):

Claudia Doug Jack
$2,100 $800 $400

Scores at the end of the Jeopardy! Round:

Claudia Doug Jack
$4,800 $1,900 $1,000

Double Jeopardy! Round responses

NONFICTION
AMERICAN HISTORY
NOTORIOUS
WORLD GEOGRAPHY
FOOD
MUSICIANS & THEIR INSTRUMENTS
(we'll tell you something about the musician, you tell us what instrument)
    $200 22
Margaret Thatcher

Jack
    $200 1
Libya

Jack
    $200 6
Jack The Ripper

Jack
    $200 11
Mexico

Claudia
    $200 17
Egg Roll

Claudia
    $200 12
(D: What is the saxophone?)

Trumpet

DougJack
    $400 23
Holland/The Netherlands

Jack
    $400 2
the Chisholm Trail

Jack
    $400 7
Bonnie Parker

Doug
    $400 27
Greenland

Claudia
    $400 18
Almond

Claudia
    $400 13
Piccolo

Doug
    $600 24
Margaret Sanger

Doug
    $600 3
(C: What is Raleigh?)

Charlotte

ClaudiaDoug
    $600 8
"Murder, Incorporated"

Jack
    $1,000 28
(C: What is the Strait of Magellan?)

Strait of Gibraltar

Claudia
    $600 19
Refried Beans

Claudia
    $600 14
Saxophone

Claudia
    $800 25
John Reed

Claudia
    $800 4
CIA (Central Intelligence Agency)

Jack
    $800 9
Leopold & Loeb

Claudia
    $800 29
Mindanao

Claudia
    $800 20
Parfait

Claudia
    $800 15
Cello

Claudia
    $1000 26
Elizabeth Kubler-Ross

Claudia
    $1,500 5
The Molly Maguires

Jack
    $1000 10
The Walkers

Doug
    $1000 30
(D: What is Kathmandu?)

Lhasa

Doug
Triple Stumper
    $1000 21
(Alex: Well done, Claudia--making a big move!)

Beets

Claudia
    $1000 16
Violin

Claudia

Scores at the end of the Double Jeopardy! Round:

Claudia Doug Jack
$12,600 $3,700 $5,500
(lock game)

[wagering suggestions for these scores]

Final Jeopardy! Round responses

CLASSICAL LITERATURE
DougWhat is Lives
$3,500
JackWhat is Plutarch's Lives?
$2,500
ClaudiaWhat is the Iliad?
$600
"Plutarch's Lives"

Final scores:

Claudia Doug Jack
$12,000 $200 $8,000
4-day champion: $45,303 3rd place: Panasonic IQ Series Palmcorder 2nd place: Broyhill Dining Room & earthenware dining service

Game dynamics:

Coryat scores:

Claudia Doug Jack
$13,500 $3,700 $5,000
27 R
(including 1 DD),
2 W
(including 1 DD)
14 R,
3 W
16 R
(including 1 DD),
1 W

Combined Coryat: $22,200

The J! Archive is created by fans, for fans. The Jeopardy! game show and all elements thereof, including but not limited to copyright and trademark thereto, are the property of Jeopardy Productions, Inc. and are protected under law. This website is not affiliated with, sponsored by, or operated by Jeopardy Productions, Inc. Join the discussion at JBoard.tv.